000 01829cam a2200757 4500500
005 20260405001747.0
041 _afre
042 _adc
100 1 0 _aGarnier, Philippe
_eauthor
245 0 0 _aFaut-il s’aimer soi-même ?
260 _c2014.
500 _a42
690 _aAlexandre Lacroix
690 _aAltérité
690 _aAmour-propre
690 _aAutrui
690 _aBouddhisme
690 _aBreaking Bad
690 _aCavell
690 _aCharles Delatre
690 _acoaching
690 _aDeleuze
690 _aDescartes
690 _aDéveloppement personnel
690 _aEgo
690 _aÉgoïsme
690 _aEmerson
690 _aÉtats-Unis
690 _aFacebook
690 _aFiction
690 _aFrédéric Gros
690 _aHaine de soi
690 _aHindouïsme
690 _aHume
690 _aInde
690 _aMartin Legros
690 _aMichel Eltchaninoff
690 _aMichel Hulin
690 _aMoi
690 _aMorale
690 _aMythe
690 _aNarcisse
690 _aNarcissisme
690 _aNietzsche
690 _aOrgueil
690 _aOubli
690 _aOvide
690 _aPascal
690 _aPatrick Williams
690 _aPerfectionnisme
690 _aPhilippe Garnier
690 _aPolitique
690 _aPsychanalyse
690 _aRéseaux sociaux
690 _aRousseau
690 _aS’aimer soi-même
690 _aselfie
690 _aSéries télé
690 _aSoi
690 _aStoïciens
690 _aStoïcisme
690 _aTwitter
690 _aVertu
786 0 _nPhilosophie magazine | 80 | 6 | 2014-06-01 | p. 35-35 | 1951-1787
856 4 1 _uhttps://shs.cairn.info/magazine-philosophie-magazine-2014-6-page-35?lang=fr&redirect-ssocas=7080
999 _c2050787
_d2050787